Špecifiká komunikačného programu neziskovej organizácie

Informácie o špecifikách komunikačného programu v oblasti neziskovej organizácie v súčasnosti a perspektívy tvorby partnerských vzťahov k relevantným cieľovým skupinám prostredníctvom cielene poskytovaných “posolstiev” organizácií. Služby a produkty neziskovej organizácie. Inovatívne a tradičné prvk...

Descripción completa

Guardado en:
Detalles Bibliográficos
Autor principal: Dražová, Katarína
Formato: Capítulo de libro
Lenguaje:eslovaco
Materias:
Etiquetas: Agregar Etiqueta
Sin Etiquetas, Sea el primero en etiquetar este registro!

MARC

LEADER 00000nla$a2200000$$$4500
001 0125031
005 20240502072424.5
041 0 |a slo 
044 |a SK 
245 1 0 |a Špecifiká komunikačného programu neziskovej organizácie  |c Katarína Dražová 
520 |a Informácie o špecifikách komunikačného programu v oblasti neziskovej organizácie v súčasnosti a perspektívy tvorby partnerských vzťahov k relevantným cieľovým skupinám prostredníctvom cielene poskytovaných “posolstiev” organizácií. Služby a produkty neziskovej organizácie. Inovatívne a tradičné prvky marketingovej komunikácie. 
610 2 0 |a organizácie neziskové 
610 2 0 |a financovanie 
610 2 0 |a komunikácia marketingová 
100 1 |a Dražová, Katarína